000 01151nam a2200385 c 4500
001 47923
003 ES-MaCES
005 20160707110613.0
008 160705s2016 sp ||||| | 000 | spa d
017 _aB 3664-2016
_bDL
020 _a9788499925981
040 _aES-MaCES
_bspa
_cES-MaCES
041 1 _aspa
_hger
100 1 _937121
_aMarçal, Katrine
245 1 1 _a¿Quién le hacía la cena a Adam Smith?
_b: una historia de las mujeres y la economía
_cKatrine Marçal ; trad. de Elda García-Posada
250 _a1ª ed
260 _aBarcelona
_bDebate
_c2016
300 _a220 p.
_c23 cm
490 1 _aDebate economía
500 _aTraducción de: Det enda könet
500 _aÍndices
504 _aBibliografía: p. 207-215
541 _cCompra
650 4 _amujeres
_928657
650 4 _aeconomía
_926781
650 4 _afeminismo
_931029
650 4 _aanálisis económico
_927070
650 4 _ateoría económica
_927076
653 1 0 _aEconomía
700 1 _937122
_aGarcía-Posada, Elda
_etr.
740 0 2 _aDet enda könet
830 0 _aDebate economía
_937107
902 _aLIB Libro
942 _2CES
_cBK
_h0.0.
999 _c47923
_d47923